000 00796nam a22002537a 4500
005 20170123162307.0
010 _aB-201003
020 _c275.00
_a8158785430
035 _aB-201003
037 _bCen Lib/Ret
040 _aDPL
_bUR
082 _aک
_bر ا م
100 _aراملال
_941420
245 _aاکھڑے ہے لوگ /
_cراملال
246 _aUkhre huye log /
_bby Ramlal
260 _aنیی دہلی
_bادارہ فکرے جدید
_c2006
270 _a922, کچہ روہللہ خان، دریاگنج
_bنیی دہلی
_e110002
300 _a251p.
_c21cm(Hb)
650 _aاردو ادب
_9111062
650 _aاردو افسانے
_9111063
650 _aUrdu literature
_9111064
650 _aurdu stories
_9111065
942 _2ddc
_cUR
_hک
_mر ا م
999 _c106364
_d106364